Guess the Taylor Swift Song lyrics No hints!! - Statistics

General Stats
  • This quiz has been taken 1,296 times
  • The average score is 71 of 174
Answer Stats
% Correct
I
99%
a
95%
you
93%
you,
93%
the
89%
And
78%
your
74%
in
72%
to
72%
To
72%
of
60%
what
55%
But
51%
not
46%
With
46%
can't
45%
Just
45%
just
45%
now
40%
one
40%
think
40%
did
39%
up
38%
out"
36%
out,
36%
out
36%
(out),
36%
some
35%
down,
33%
down
33%
(down)
33%
(down),
33%
about
31%
you've
27%
he's
26%
she's
26%
Only
25%
fall
24%
things
24%
dream
23%
make
23%
hand
21%
Keep
19%
keep
19%
life,
19%
Something
19%
son
19%
epiphany
18%
seen
18%
speak
18%
through
16%
sleep
15%
Watch
15%
bleeding
14%
breathe
14%
helmet,
14%
mother
14%
sense
14%
20
13%
breathing
13%
crashing
13%
daughter,
13%
"Doc,
13%
minutes
13%
single
13%
Someone's
13%
someone's
13%
relief
12%
serve
12%
"Sir,
12%
cover
11%
flesh
11%
glimpse
11%
med
11%
plastic
11%
school
11%
wound,
11%
here's
10%
beaches
9%
rifle
9%
Crawling
8%
Holds
8%
No matching quizzes found
Score Distribution
Percent of People with Each Score
Percentile by Number Answered
Your Score History
You have not taken this quiz